000 00380nam a2200145 i 4500
001 bg
100 1 _aDORNY, Nelson C.
245 0 _aA vector space approach to models and optimization /
_cNelson C. Dorny.
260 _aNew York :
_bJohn Wiley and Sons,
_c1975.
040 _cBPK
041 _apol
080 _a519.8
942 _cKS
008 s pl f |000 0 pol
999 _c27794
_d27794
856 _uhttp://koha.tu.koszalin.pl/cgi-bin/koha/opac-detail.pl?biblionumber=27794
_yKatalog online BPK